000 01164nam0a2200325 4500
001 RU\NLR\BIBL_A\012710148
005 20220411111225.0
010 _a978-5-89091-560-3
_92000
021 _aRU
_bКН-П-21-075006
_9КН-П-21-5971
035 _a(NLR Aleph) 012710148
035 _a(RuMoRGB)010857433
090 _a12907496
_c12907496
100 _a20220218d2021 u y0rusy50 ca
101 1 _arus
_cdan
102 _aRU
105 _ay|||z|||000ay
181 0 _ai4
_baxxe
182 0 _an
200 1 _aУсловно пригодные
_eроман
_fПитер Хёг
_gперевод с датского Елены Красновой
203 _aТекст
_bвизуальный
_cнепосредственный
210 _aСанкт-Петербург
_cСимпозиум
_d2021
215 _a297, [5] с.
_d21
320 _aДр. произведения авт. в конце кн.
333 _a12+
686 1 _aШ6(4Д)67-440.4{Лх1449-50}
700 1 _aХёг
_bП.
_f1957-
_gПитер
_3RU\NLR\AUTH\770147642
942 _cBOOK
980 _aNB